Subasta experimental (Registro nro. 22886)

Detalles MARC
000 -LEADER
fixed length control field 00334 a2200121 4500
001 - CONTROL NUMBER
control field ART_46585
005 - DATE AND TIME OF LATEST TRANSACTION
control field 20260410161827.0
008 - FIXED-LENGTH DATA ELEMENTS--GENERAL INFORMATION
fixed length control field 260409a
100 1# - MAIN ENTRY--PERSONAL NAME
Personal name Rodríguez, Julieta A.
245 10 - TITLE STATEMENT
Title Subasta experimental
700 1# - ADDED ENTRY--PERSONAL NAME
Personal name Rodriguez, Elsa
773 0# - HOST ITEM ENTRY
Title FACES
Related parts - Año 22, Nº 47 (jul./dic. 2016)
Record control number REV5046

No hay ítems disponibles.